| 000 | 00601nam a2200193 a 4500 | ||
|---|---|---|---|
| 005 | 20140310183435.0 | ||
| 008 | 080128s19uu xx 00 eng d | ||
| 020 | _a9781557667038 | ||
| 050 |
_aLC 3981 _b.G35 2006 |
||
| 100 | _aGallagher, James J. | ||
| 245 |
_aDriving change in special education / _cJames J. Gallagher. |
||
| 260 |
_aU.S.A : _bPaul H. Brookes Publishing Com, _c2006. |
||
| 300 |
_a319 p. : _c25 cm. |
||
| 521 | _aEDU | ||
| 650 |
_aSpecial Education _xGovernment Policy _xUnited States. |
||
| 650 |
_aSpecial education _xUnited States. |
||
| 942 |
_cBK _2lcc _kFOR |
||
| 999 |
_c22861 _d22861 |
||